UM Logo

Community development and disaster risk management / (Record no. 24074)

MARC details
000 -LEADER
fixed length control field 00761nam a2200217 4500
005 - DATE AND TIME OF LATEST TRANSACTION
control field 20251016141024.0
008 - FIXED-LENGTH DATA ELEMENTS--GENERAL INFORMATION
fixed length control field 251016b |||||||| |||| 00| 0 eng d
020 ## - INTERNATIONAL STANDARD BOOK NUMBER
International Standard Book Number 9781984695314
082 ## - DEWEY DECIMAL CLASSIFICATION NUMBER
Classification number DC 361.3 W930 2025
100 ## - MAIN ENTRY--PERSONAL NAME
Personal name Wright, Rose.
9 (RLIN) 68885
245 ## - TITLE STATEMENT
Title Community development and disaster risk management /
Statement of responsibility, etc. Rose Wright and 3G E-Learning.
260 ## - PUBLICATION, DISTRIBUTION, ETC. (IMPRINT)
Place of publication, distribution, etc. United States of America :
Name of publisher, distributor, etc. 3G E-Learning,
Date of publication, distribution, etc. ©2025.
300 ## - PHYSICAL DESCRIPTION
Extent xviii, 284 pages :
Other physical details color illustrations ;
Dimensions 25 cm.
500 ## - GENERAL NOTE
General note Includes references and index.
650 #0 - SUBJECT ADDED ENTRY--TOPICAL TERM
Topical term or geographic name as entry element Environmental management.
9 (RLIN) 68887
650 #0 - SUBJECT ADDED ENTRY--TOPICAL TERM
Topical term or geographic name as entry element Environmental sociology.
9 (RLIN) 68888
650 #0 - SUBJECT ADDED ENTRY--TOPICAL TERM
Topical term or geographic name as entry element Natural disasters.
9 (RLIN) 68889
650 #0 - SUBJECT ADDED ENTRY--TOPICAL TERM
Topical term or geographic name as entry element Social service.
9 (RLIN) 68890
710 ## - ADDED ENTRY--CORPORATE NAME
Corporate name or jurisdiction name as entry element 3G E-Learning.
9 (RLIN) 68891
942 ## - ADDED ENTRY ELEMENTS (KOHA)
Source of classification or shelving scheme Dewey Decimal Classification
Koha item type Circulation
Holdings
Withdrawn status Lost status Source of classification or shelving scheme Damaged status Not for loan Collection code Home library Current library Date acquired Cost, normal purchase price Total Checkouts Full call number Barcode Date last seen Price effective from Koha item type
    Dewey Decimal Classification     Circulation UM Digos College - LIC UM Digos College - LIC 08/11/2025 4293.00   DC 361.3 W930 2025 29076 10/16/2025 10/16/2025 Circulation